All the countries the Dutch empire had owned - Statistics

General Stats
  • This quiz has been taken 25 times
  • The average score is 31 of 68
Answers on the Map
Answers color-coded by a green-red scale on the quiz's map according to % correct below.
 
Answer Stats
Hint Answer % Correct
be Belgium
95%
nl Netherlands
89%
id Indonesia
84%
lu Luxembourg
84%
fr France
79%
us United States
79%
in India
74%
sr Suriname
74%
br Brazil
68%
no Norway
68%
es Spain
68%
gb United Kingdom
68%
au Australia
63%
ca Canada
63%
ir Iran
63%
nz New Zealand
63%
za South Africa
63%
ye Yemen
63%
gy Guyana
58%
om Oman
58%
lk Sri Lanka
58%
ve Venezuela
58%
ar Argentina
53%
cn China
53%
jp Japan
53%
my Malaysia
53%
na Namibia
53%
pk Pakistan
53%
ag Antigua and Barbuda
47%
gh ghana
47%
mm Myanmar
47%
kn Saint Kitts and Nevis
47%
lc Saint Lucia
47%
tt Trinidad and Tobago
47%
kh Cambodia
42%
sg Singapore
42%
tw Taiwan
42%
th Thailand
42%
vn Vietnam
42%
bd Bangladesh
37%
dm Dominica
37%
ci Ivory Coast
37%
mg Madagascar
37%
mu Mauritius
37%
ng Nigeria
37%
pg Papua New Guinea
37%
ws Samoa
37%
cm Cameroon
32%
km Comoros
32%
mz Mozambique
32%
ru Russia
32%
to Tonga
32%
ae United Arab Emirates
32%
cl Chile
26%
kw Kuwait
26%
ma Morocco
26%
sn Senegal
26%
uy Uruguay
26%
bz Belize
21%
gm Gambia
21%
gq Equatorial Guinea
16%
gn Guinea
11%
gw Guinea-Bissau
11%
lr Liberia
11%
sl Sierra Leone
11%
cg Congo-Brazzaville
5%
cd Congo-Kinshasa
5%
st Sao tome en Principe
5%
No matching quizzes found
Score Distribution
Percent of People with Each Score
Percentile by Number Answered
Your Score History
You have not taken this quiz